[Event "Wch U20 56th"]
[Site "Tarvisio"]
[Date "2017.11.16"]
[Round "4"]
[White "Zenari, Marco"]
[Black "Araya Pozo, Francisco Javier"]
[Result "1-0"]
[WhiteElo "1997"]
[BlackElo "1416"]
[PlyCount "37"]
[EventDate "2017.11.13"]
[EventType "swiss"]
[EventRounds "11"]
[EventCountry "ITA"]
[SourceTitle "CBM 181 Extra"]
[Source "ChessBase"]
[SourceDate "2017.12.12"]
[SourceVersion "1"]
[SourceVersionDate "2017.12.12"]
[SourceQuality "1"]

1. e4 e6 2. d4 d5 3. Nc3 Bb4 4. Nge2 dxe4 5. a3 Bxc3+ 6. Nxc3 Nc6 7. Bb5 Bd7 8. Nxe4 Nge7 9. Be3 a6 10. Bd3 Nd5 11. Qg4 Nce7 12. c4 Nxe3 13. Qxg7 Nc6 14. Nf6+ Ke7 15. fxe3 Qf8 16. Qxf8+ Raxf8 17. 0-0 a5 18. Rf3 Rd8 19. Raf1 1-0

[Event "Wch U20 56th"]
[Site "Tarvisio"]
[Date "2017.11.14"]
[Round "2"]
[White "Araya Pozo, Francisco Javier"]
[Black "Taalaibekov, Tagir"]
[Result "0-1"]
[WhiteElo "1416"]
[BlackElo "2219"]
[PlyCount "52"]
[EventDate "2017.11.13"]
[EventType "swiss"]
[EventRounds "11"]
[EventCountry "ITA"]
[SourceTitle "CBM 181 Extra"]
[Source "ChessBase"]
[SourceDate "2017.12.12"]
[SourceVersion "1"]
[SourceVersionDate "2017.12.12"]
[SourceQuality "1"]

1. Nf3 Nf6 2. g3 d5 3. Bg2 c6 4. d4 Bg4 5. Nbd2 e6 6. c3 Nbd7 7. Qb3 Qc7 8. Nf1 Bd6 9. Ne3 Bh5 10. 0-0 0-0 11. c4 Ne4 12. c5 Be7 13. Re1 b6 14. cxb6 axb6 15. Nd2 Nd6 16. Qd1 c5 17. Nf3 Bf6 18. Nc2 Ra4 19. b3 Ra7 20. Bb2 Rfa8 21. a3 c4 22. bxc4 Nxc4 23. Ra2 Nxb2 24. Rxb2 Qc3 25. Qc1 Rc8 26. Rb1 Qxc2 0-1